The tigers of Terengganu (Record no. 151312)

MARC details
000 -LEADER
fixed length control field 00683nam a2200253 i 4500
001 - CONTROL NUMBER
control field C2-0232006
003 - CONTROL NUMBER IDENTIFIER
control field PPAK
005 - DATE AND TIME OF LATEST TRANSACTION
control field 20180728085203.0
008 - FIXED-LENGTH DATA ELEMENTS--GENERAL INFORMATION
fixed length control field 001210s1954 enk |||| ||||| | eng d
040 ## - CATALOGING SOURCE
Original cataloging agency PPAK
Language of cataloging eng
Transcribing agency PPAK
Description conventions rda
082 04 - DEWEY DECIMAL CLASSIFICATION NUMBER
Classification number 599.74428
Edition number 23
090 00 - LOCALLY ASSIGNED LC-TYPE CALL NUMBER (OCLC); LOCAL CALL NUMBER (RLIN)
Classification number (OCLC) (R) ; Classification number, CALL (RLIN) (NR) 599.74428
Feature heading LOC
Feature heading KK
Classification number (OCLC) (R) ; Classification number, CALL (RLIN) (NR) 599.74428
Feature heading LOC
Feature heading KSI
Classification number (OCLC) (R) ; Classification number, CALL (RLIN) (NR) 599.74428
Feature heading LOC
Feature heading R
100 1# - MAIN ENTRY--PERSONAL NAME
Personal name Locke, Lt.Col.A.,
Relator term author
245 14 - TITLE STATEMENT
Title The tigers of Terengganu
264 #1 - PRODUCTION, PUBLICATION, DISTRIBUTION, MANUFACTURE, AND COPYRIGHT NOTICE
Place of production, publication, distribution, manufacture London :
Name of producer, publisher, distributor, manufacturer Museum Press Limited ,
Date of production, publication, distribution, manufacture, or copyright notice 1954
300 ## - PHYSICAL DESCRIPTION
Extent xvi, 191 pages ;
Dimensions 21 cm
336 ## - CONTENT TYPE
Source rdacontent
Content type term text
337 ## - MEDIA TYPE
Source rdamedia
Media type term unmediated
338 ## - CARRIER TYPE
Source rdacarrier
Carrier type term volume
650 10 - SUBJECT ADDED ENTRY--TOPICAL TERM
Topical term or geographic name entry element Tigers
942 ## - ADDED ENTRY ELEMENTS (KOHA)
-- dc
Koha item type Book
Holdings
Withdrawn Not for loan Current library Shelving location Date acquired Full call number Barcode Date last seen Koha item type
  Not For Loan Perpustakaan Alor Setar Koleksi Kedah 09/11/2003 KK 599.74428 LOC A01039194 31/05/2018 Book
  Not For Loan Perpustakaan Alor Setar Rujukan Dewasa 09/11/2003 R 599.74428 LOC A01039195 31/05/2018 Book
  Not For Loan Perpustakaan Baling Rujukan Dewasa 09/11/2003 R 599.74428 LOC A01039199 31/05/2018 Book
  Not For Loan Perpustakaan Jitra Rujukan Dewasa 09/11/2003 R 599.74428 LOC A01039197 31/05/2018 Book
  Not For Loan Perpustakaan Kulim Rujukan Dewasa 09/11/2003 R 599.74428 LOC A01039198 31/05/2018 Book